000
00199 a2200097 4500
001
1224
100
_a
Crouse, W.H
245
_a
Automotive mechanics
260
_a
_b
Mcgrawhill
_c
090
_c
786
_d
786
942
_a
NUST-CAE
_c
M
_c
34555
999
_c
236297
_d
236297